000 00843cam a22002651 4500
001 13371
003 BD-RjUL
005 20211208235438.0
008 140201s1964 onca b 001 0 eng
035 _a(BD-RjUL)13422
040 _aDLC/ICU
_cICU
_dDLC
_dBD-RjUL
_beng
041 _aeng
082 0 0 _a669.1082
_bASP 1964
245 1 0 _aAspects of modern ferrous metallurgy,
_cedited by J.S. Kirkaldy and R.G. Ward.
260 _aToronto :
_bUniversity of Toronto Press ,
_cc1964.
300 _avi, 356 p. :
_billus. ;
_c24 cm.
504 _aIncludes bibliographies and index.
650 0 _aIron
_xMetallurgy.
_941669
650 0 _aSteel
_xMetallurgy.
_941670
700 1 _aKirkaldy, J. S.
_q(John Samuel),
_941671
700 1 _aWard, R. G.
_q(Robert George),
_ejoint ed.
_941672
942 _2ddc
_cBK
999 _c13371
_d13371